000 00306nam a2200121 i 4500
001 bg
245 1 0 _aTechnologia budowy samochodów.
_nCz. 1,
_pTechnologia silników spalinowych.
260 _aKraków,
_c1977.
040 _cBPK
041 _apol
942 _cKS
008 s pl f |000 0 pol
999 _c17505
_d17505
856 _uhttp://koha.tu.koszalin.pl/cgi-bin/koha/opac-detail.pl?biblionumber=17505
_yKatalog online BPK